000 00824nam a2200265Ia 4500
005 20220316235712.0
008 121119s2002 ck gr 000 f spa
020 _a9580469725
041 0 _aspa
100 1 _aGarcía Márquez, Gabriel
_d1928-
245 1 0 _aCrónica de una muerte anunciada
_cGabriel García Márquez
250 _aTercera edición
300 _a88, 69 páginas
_c19 cm
501 _aCon: A propósito de Gabriel García Márquez y su obra
650 1 4 _aNovela colombiana
_2LEMB
650 1 4 _aMuerte
_vNovela
_2LEMB
650 1 4 _aVenganza
_vNovela
_2LEMB
942 _2loc
_cBKLIT
264 _aBogotá
_bNorma
_c2002
336 _atexto
_btxt
_2rdacontent
337 _asin mediación
_bn
_2rdamedia
338 _avolumen
_bnc
_2rdacarrier
040 _aCO-BoRNBP
_bspa
_erda
_cCO-BoRNBP
084 _aN GAR2
999 _c1880
_d1880